000 00509nam a22001697a 4500
999 _c187931
_d187931
005 20220505132201.0
010 _aB-680734
020 _a9788178846620
_c800.00
035 _aB-680734
082 _a920-PAT
100 _aPABLA, A.S.
245 _aBIOGRAPHY OF SARDAR VALLABHBHAI PATEL
_cBy A.S. PABLA
260 _aNew Delhi
_bCYBER TECH PUBLICATIONS
270 _a4264/3 ANSARI ROAD, DARYAGANJ, NEW DELHI-110002
300 _a272p.
942 _2ddc
_cEN
_eFIRST EDITION 2010
_h920
_mPAT